|
|
|
|
| LEADER |
00000nlm0a2200000 4500 |
| 001 |
242847 |
| 005 |
20231101231926.0 |
| 035 |
|
|
|a (RuTPU)RU\TPU\book\264169
|
| 090 |
|
|
|a 242847
|
| 100 |
|
|
|a 20130911d2013 m y0rusy50 ca
|
| 101 |
0 |
|
|a rus
|
| 102 |
|
|
|a RU
|
| 105 |
|
|
|a y j 000zy
|
| 135 |
|
|
|a vocna---uucaa
|
| 181 |
|
0 |
|a i
|
| 182 |
|
0 |
|a b
|
| 200 |
1 |
|
|a Теория вероятностей и математическая статистика
|b Электронный ресурс
|e учебное пособие для бакалавров
|f В. Е. Гмурман
|
| 203 |
|
|
|a Текст
|c электронный
|
| 205 |
|
|
|a 12-е изд.
|
| 210 |
|
|
|a Москва
|c Юрайт
|d 2013
|
| 215 |
|
|
|a 1 Мультимедиа CD-ROM
|
| 225 |
1 |
|
|a Электронные учебники издательства Юрайт
|
| 230 |
|
|
|a Мультимедиа ресурсы (10 директорий; 100 файлов; 740MB)
|
| 300 |
|
|
|a Электронная копия печатного издания.
|
| 333 |
|
|
|a Режим доступа: из корпоративной сети ТПУ
|
| 337 |
|
|
|a Pentium 100 MHz, 16 Mb RAM, Windows 95/98/NT/2000, CDROM, SVGA, звуковая карта, Internet Explorer 5.0 и выше
|
| 452 |
|
1 |
|0 (RuTPU)RU\TPU\book\219231
|y 978-5-9916-1589-1
|t Теория вероятностей и математическая статистика
|o учебное пособие для бакалавров
|f В. Е. Гмурман
|e 12-е изд.
|c М.
|n Юрайт
|d 2012
|p 480 с.
|s Бакалавр
|a Гмурман, Владимир Ефимович
|
| 452 |
|
|
|y 978-5-9692-1278-7
|
| 606 |
1 |
|
|a Вероятностей теория и математическая статистика
|2 stltpush
|3 (RuTPU)RU\TPU\subj\2260
|9 30847
|
| 610 |
1 |
|
|a случайные события
|
| 610 |
1 |
|
|a теоремы
|
| 610 |
1 |
|
|a умножение
|
| 610 |
1 |
|
|a случайные величины
|
| 610 |
1 |
|
|a дискретные случайные величины
|
| 610 |
1 |
|
|a дисперсия
|
| 610 |
1 |
|
|a закон больших чисел
|
| 610 |
1 |
|
|a функции распределения
|
| 610 |
1 |
|
|a нормальное распределение
|
| 610 |
1 |
|
|a показательное распределение
|
| 610 |
1 |
|
|a системы нескольких случайных величин
|
| 610 |
1 |
|
|a статистические методы
|
| 610 |
1 |
|
|a выборочный метод
|
| 610 |
1 |
|
|a статистическая оценка
|
| 610 |
1 |
|
|a статистическая выборка
|
| 610 |
1 |
|
|a корреляция
|
| 610 |
1 |
|
|a статистические гипотезы
|
| 610 |
1 |
|
|a статистическая проверка
|
| 610 |
1 |
|
|a однофакторный дисперсный анализ
|
| 610 |
1 |
|
|a метод Монте-Карло
|
| 610 |
1 |
|
|a цепи Маркова
|
| 610 |
1 |
|
|a случайные функции
|
| 610 |
1 |
|
|a учебные пособия
|
| 610 |
1 |
|
|a сложение
|
| 675 |
|
|
|a 519.2(075.8)
|v 3
|
| 700 |
|
1 |
|a Гмурман
|b В. Е.
|g Владимир Ефимович
|
| 801 |
|
1 |
|a RU
|b 63413507
|c 20130911
|
| 801 |
|
2 |
|a RU
|b 63413507
|c 20151002
|g RCR
|
| 856 |
4 |
|
|u http://www.lib.tpu.ru/fulltext2/m/2013/FN/fn-2411.pdf
|
| 900 |
|
|
|a Теория вероятностей и математическая статистика
|
| 942 |
|
|
|c CF
|